Contribution of food collection to household food security in samrong district takeo provine ការរួមវិភាគទាននៃផលអាហារមានស្រាប់ពីធម្មជាតិ ក្នុងសន្តិសុខស្បៀងគ្រួួសារ នៅស្រុកសំរោង ខេត្តតាកែវ (Record no. 1471)
[ view plain ]
| 000 -LEADER | |
|---|---|
| fixed length control field | 00723nam a22001577a 4500 |
| 003 - CONTROL NUMBER IDENTIFIER | |
| control field | OSt |
| 005 - DATE AND TIME OF LATEST TRANSACTION | |
| control field | 20150929142518.0 |
| 008 - FIXED-LENGTH DATA ELEMENTS--GENERAL INFORMATION | |
| fixed length control field | 150929b xxu||||| |||| 00| 0 eng d |
| 040 ## - CATALOGING SOURCE | |
| Transcribing agency | RUA |
| 082 ## - DEWEY DECIMAL CLASSIFICATION NUMBER | |
| Classification number | AGR SAY 1998 B021 Or.1 |
| 100 ## - MAIN ENTRY--PERSONAL NAME | |
| 9 (RLIN) | 1563 |
| Personal name | SYA, TOM. |
| 245 ## - TITLE STATEMENT | |
| Title | Contribution of food collection to household food security in samrong district takeo provine ការរួមវិភាគទាននៃផលអាហារមានស្រាប់ពីធម្មជាតិ ក្នុងសន្តិសុខស្បៀងគ្រួួសារ នៅស្រុកសំរោង ខេត្តតាកែវ |
| 260 ## - PUBLICATION, DISTRIBUTION, ETC. (IMPRINT) | |
| Place of publication, distribution, etc. | Phnom Penh |
| Name of publisher, distributor, etc. | RUA |
| Date of publication, distribution, etc. | 19980 |
| 300 ## - PHYSICAL DESCRIPTION | |
| Extent | 39p. |
| Other physical details | ill. |
| Dimensions | 29cm. |
| 942 ## - ADDED ENTRY ELEMENTS (KOHA) | |
| Source of classification or shelving scheme | |
| Koha item type | AGR |
| Price effective from | Date last seen | Permanent Location | Not for loan | Date acquired | Source of classification or shelving scheme | Koha item type | Lost status | Withdrawn status | Date last checked out | Total Checkouts | Shelving location | Damaged status | Barcode | Current Location | Full call number |
|---|---|---|---|---|---|---|---|---|---|---|---|---|---|---|---|
| 2015-09-29 | 2015-09-29 | Library Block B | 2015-09-29 | AGR | B021 | RUA003197 | Library Block B | AGR SAY 1998 B021 Or.1 | |||||||
| 2015-09-29 | 2015-09-29 | Library Block B | 2015-09-29 | AGR | B021 | RUA003128 | Library Block B | AGR SAY 1998 B021 Or.2 | |||||||
| 2015-09-29 | 2018-10-24 | Library Block B | 2015-09-29 | AGR | 2018-10-22 | 1 | B021 | RUA003269 | Library Block B | AGR SAY 1998 B021 Or.3 | |||||
| 2015-09-29 | 2015-09-29 | Library Block B | 2015-09-29 | AGR | B021 | RUA003478 | Library Block B | AGR SAY 1998 B021 Or.4 | |||||||
| 2015-09-29 | 2015-09-29 | Library Block B | 2015-09-29 | AGR | B021 | RUA003827 | Library Block B | AGR SAY 1998 B021 Or.5 | |||||||
| 2015-09-29 | 2015-09-29 | Library Block B | 2015-09-29 | AGR | B021 | RUA003825 | Library Block B | AGR SAY 1998 B021 Or.6 | |||||||
| 2015-09-29 | 2015-09-29 | Library Block B | 2015-09-29 | AGR | B021 | RUA003550 | Library Block B | AGR SAY 1998 B021 Or.7 | |||||||
| 2015-09-29 | 2015-09-29 | Library Block B | 2015-09-29 | AGR | B021 | RUA003828 | Library Block B | AGR SAY 1998 B021 Or.8 | |||||||
| 2015-09-29 | 2015-09-29 | Library Block B | 2015-09-29 | AGR | B021 | RUA008813 | Library Block B | AGR SAY 1998 B021 Or.9 |